The New American Bible : (Record no. 49890)
[ view plain ]
| 000 -LEADER | |
|---|---|
| fixed length control field | 00889nam a22001817a 4500 |
| 008 - FIXED-LENGTH DATA ELEMENTS--GENERAL INFORMATION | |
| fixed length control field | 210625b ||||| |||| 00| 0 eng d |
| 024 ## - OTHER STANDARD IDENTIFIER | |
| Source of number or code | OCLC |
| Standard number or code | 752585139 |
| 110 ## - MAIN ENTRY--CORPORATE NAME | |
| Corporate name or jurisdiction name as entry element | Confraternity of Christian Doctrine. |
| 245 ## - TITLE STATEMENT | |
| Title | The New American Bible : |
| Remainder of title | translated from the original languages with critical use of all the ancient sources : by members of the Catholic Biblical Association of America / |
| Statement of responsibility, etc | Confraternity of Christian Doctrine. |
| 260 ## - PUBLICATION, DISTRIBUTION, ETC. (IMPRINT) | |
| Place of publication, distribution, etc | New York : ; |
| Name of publisher, distributor, etc | P.J. Kennedy & Sons, |
| Place of publication, distribution, etc | London : |
| Name of publisher, distributor, etc | Collier-Macmillan, |
| Date of publication, distribution, etc | 1970. |
| 300 ## - PHYSICAL DESCRIPTION | |
| Extent | xvi, 1347, 401, 47 pages : |
| Other physical details | maps ; |
| Dimensions | 24 cm |
| 336 ## - CONTENT TYPE | |
| Content Type Term | text |
| 337 ## - MEDIA TYPE | |
| Media Type Term | unmediated |
| 338 ## - CARRIER TYPE | |
| Carrier Type Term | volume |
| 500 ## - GENERAL NOTE | |
| General note | Cover page other title : the first complete American version of Holy Scripture translated directly from the original Hebrew, Aramaic and Greek. |
| 650 ## - SUBJECT ADDED ENTRY--TOPICAL TERM | |
| Topical term or geographic name as entry element | Bible. English -- |
| General subdivision | Versions -- |
| Form subdivision | New American |
| 942 ## - ADDED ENTRY ELEMENTS (KOHA) | |
| Source of classification or shelving scheme | Library of Congress Classification |
| Item type | Books |
| Withdrawn status | Lost status | Source of classification or shelving scheme | Damaged status | Not for loan | Home library | Current library | Shelving location | Date acquired | Source of acquisition | Inventory number | Total Checkouts | Full call number | Barcode | Date last seen | Price effective from | Koha item type |
|---|---|---|---|---|---|---|---|---|---|---|---|---|---|---|---|---|
| Library of Congress Classification | BSOP Library | BSOP Library | Reference | 06/25/2021 | Donation by Drs. George and Anne Harper | 46520 | BS192.3 N42a 1970 | 00057549 | 06/25/2021 | 06/25/2021 | Books |
